|
|
|
|
| LEADER |
01174nam a22002771a 4500 |
| 001 |
000701760 |
| 003 |
CZ BrMZK |
| 005 |
20040106110104.0 |
| 007 |
ta |
| 008 |
040106s1973 xr f cze d |
| 040 |
|
|
|a ABA001
|b cze
|c BOA001
|c OLA001
|d ABA001
|
| 080 |
|
|
|a 664.002.5+631.363(075.8)
|2 MRF
|
| 100 |
1 |
|
|a Uherek, Josef
|4 aut
|
| 245 |
1 |
0 |
|a Stroje pro krmivářský a potravinářský průmysl :
|b Určeno pro. posl. fak. provozně-ekon. /
|c Josef Uherek ; Předml.: Č. Vermouzek
|
| 250 |
|
|
|a 1. vyd.
|
| 260 |
|
|
|a Brno :
|b Vysoká škola zemědělská,
|c 1973
|
| 300 |
|
|
|a 214 s. :
|b [3] obr. příl. ;
|c 4°
|
| 500 |
|
|
|a S obr. v textu
|
| 500 |
|
|
|a Zdobený tit. list
|
| 504 |
|
|
|a Obsahuje bibliografii
|
| 910 |
|
|
|a BOA001
|b 4-0718.153
|
| 990 |
|
|
|a BK
|
| 996 |
7 |
|
|b 2619203790
|c 4-0718.153
|l MZK
|r Sklad / do 1 hodiny
|n 0
|w 000701760
|u 000020
|a 1
|e BOA001
|j MZK50
|s A
|
| 996 |
6 |
|
|b BC-131531
|c 4-0718.153
|l MZK
|r Sklad / do 1 hodiny
|n 0
|w 000701760
|u 000010
|a 1
|e BOA001
|j MZK50
|s P
|
| 996 |
6 |
|
|b BC-131533
|c 4-0718.153
|l MZK
|r Sklad / do 1 hodiny
|n 0
|w 000701760
|u 000030
|a 1
|e BOA001
|j MZK50
|s P
|
| 996 |
6 |
|
|b BC-131534
|c 4-0718.153
|l MZK
|r Sklad / do 1 hodiny
|n 0
|w 000701760
|u 000040
|a 1
|e BOA001
|j MZK50
|s P
|